INDIAN LABOUR JOURNAL (Record no. 1306)

MARC details
000 -LEADER
fixed length control field 00342nam a2200133Ia 4500
022 ## - INTERNATIONAL STANDARD SERIAL NUMBER
ISSN 0019-5723
245 #0 - TITLE STATEMENT
Title INDIAN LABOUR JOURNAL
260 ## - PUBLICATION, DISTRIBUTION, ETC. (IMPRINT)
Name of publisher Labour Bureau
Place of publication New Delhi
310 ## - CURRENT PUBLICATION FREQUENCY
Current publication frequency M
500 ## - GENERAL NOTE
General note Ending Volume & Year: 7, 1966
500 ## - GENERAL NOTE
General note Starting Volume & Year: 5, 1964
942 ## - ADDED ENTRY ELEMENTS (KOHA)
Koha item type Bound Journal
Holdings
Withdrawn status Lost status Damaged status Not for loan Home library Current library Date acquired Accession Number Koha item type
      Bound journals RRII Library RRII Library 31/12/2021 01290J Bound Journal